000 00614nam a2200253Ia 4500
003 OSt
005 20220912151926.0
006 a|||||r|||| 00| 0
007 ta
008 220909b |||||||| |||| 00| 0 eng d
024 _a64821
037 _cTextual
040 _aCSL
_beng
_cCSL
041 _aeng
082 _aB27, K33
100 _aSupruneko D
245 0 _aSaluble and nilpotent linear groups
260 _c1963
300 _ap.
_ccm.
650 _aGroup theory
700 _a Hirsch K A Tr.
942 _hB27, K33
_cTEXL
_2CC
999 _c77280
_d77280